| 000 | 01219nam1a2200337 4500 | ||
|---|---|---|---|
| 001 | rc\3044853 | ||
| 005 | 20250807185543.0 | ||
| 035 | _a(NLR Aleph) 007184681 | ||
| 090 |
_a1141 _c1141 |
||
| 100 | _a20250807 rusy50 | ||
| 101 | 0 | _arus | |
| 102 | _aRU | ||
| 105 | _a| i ||||| | ||
| 181 | 0 |
_ai4 _baxxe |
|
| 182 | 0 | _an | |
| 200 | 1 |
_aСтатистический справочник _fОтдел статистики ВЦСПС |
|
| 203 |
_aТекст _bвизуальный _cнепосредственный |
||
| 210 |
_aМосква _cПрофиздат _d1941 |
||
| 215 | _d25 | ||
| 606 | 1 |
_aПрофессиональные союзы _xСтатистика _yСССР _z1930 - 40-ые гг. _jСтатистические материалы _2nlr_sh2 _3RU\NLR\AUTH\6601737411 |
|
| 689 | 1 | _aФ72(2)27-3я3 | |
| 710 | 0 | 2 |
_aВЦСПС _bОтдел статистики _3RU\NLR\AUTH\880521345 |
| 801 | 0 |
_aRU _bNLR _gpsbo |
|
| 801 | 1 |
_aRU _bELAR _2rusmarc |
|
| 852 |
_aNLR _j35-20/171 |
||
| 942 | _cBOOK | ||
| 945 | _aРоссийская национальная библиотека | ||
| 980 | _aNB | ||
| 980 | _aBV | ||